| 000 | 00471ncm a2200157 a 4500 | ||
|---|---|---|---|
| 082 |
_a620.005 _bKEM _cL-13, P-20 |
||
| 100 | 1 |
_aPendred, b.w. _940965 |
|
| 245 | 1 |
_aKempes engineers year book, _bB.w pendred, m.i. mech.e. |
|
| 250 | _a57th ed. | ||
| 260 |
_aLondon. _bMorgan brothers _cc1952. |
||
| 300 |
_alxix, 1440 p. _bill. _c22 cm. |
||
| 526 |
_a0 _b0 _c0 _d620_005000000000000_KEM |
||
| 526 |
_a0 _b0 _c0 _d620_500000000000000_KEM |
||
| 650 |
_aMCE _9379 |
||
| 942 |
_2ddc _cBK |
||
| 999 |
_c545179 _d545179 |
||